| 000 -LEADER |
| fixed length control field |
00509nam a22001697a 4500 |
| 008 - FIXED-LENGTH DATA ELEMENTS--GENERAL INFORMATION |
| fixed length control field |
150520b xxu||||| |||| 00| 0 eng d |
| 020 ## - INTERNATIONAL STANDARD BOOK NUMBER |
| International Standard Book Number |
003063511X |
| 041 0# - LANGUAGE CODE |
| Language code of text/sound track or separate title |
eng |
| 080 ## - UNIVERSAL DECIMAL CLASSIFICATION NUMBER |
| Universal Decimal Classification number |
008 |
| 100 ## - Rafti |
| Rafti |
Cunningham, Lawrence. |
| 245 00 - TITLE STATEMENT |
| Title |
Culture and values : |
| Statement of responsibility, etc |
Lawrence Cunningham, John Reich. |
| 260 ## - |
| -- |
New York : |
| -- |
Holt, Rinehart, and Winston, |
| -- |
c1985. |
| 300 ## - |
| -- |
492 f |
| -- |
me il |
| -- |
26 cm. |
| 505 ## - |
| -- |
Index:f. 480-491 |
| 700 1# - |
| -- |
Reich, John J. |
| 942 ## - ADDED ENTRY ELEMENTS (KOHA) |
| Source of classification or shelving scheme |
|
| Item type |
Books |